[Event "St Veit op 25th"]
[Site "St Veit"]
[Date "2006.07.08"]
[Round "1"]
[White "Oitzl, Danijel"]
[Black "Jeric, Simon"]
[Result "0-1"]
[WhiteElo "1871"]
[BlackElo "2326"]
[PlyCount "72"]
[EventDate "2006.07.08"]
[EventType "swiss"]
[EventRounds "9"]
[EventCountry "AUT"]
[SourceTitle "CBM 113 Extra"]
[Source "ChessBase"]
[SourceDate "2006.09.14"]
[SourceVersion "1"]
[SourceVersionDate "2006.09.14"]
[SourceQuality "1"]

1. d4 d5 2. Nf3 Nf6 3. c4 c6 4. cxd5 cxd5 5. Nc3 a6 6. e3 Nc6 7. Be2 Bf5 8. 0-0 e6 9. a3 Rc8 10. Bd3 Bg6 11. Bxg6 hxg6 12. Ng5 b5 13. f4 Be7 14. Bd2 Na5 15. Nb1 Nc4 16. b3 Nd6 17. Ra2 Nd7 18. Bb4 a5 19. Bxd6 Bxd6 20. Rff2 Be7 21. Nf3 0-0 22. Rac2 Nb6 23. Rxc8 Nxc8 24. Ne5 Bf6 25. Nd3 Nd6 26. Nc5 g5 27. Qd3 gxf4 28. Rxf4 Bg5 29. Rf3 Qe7 30. Nc3 b4 31. axb4 axb4 32. N3a4 Nf5 33. e4 dxe4 34. Qxe4 Rd8 35. Nb6 Rxd4 36. Qa8+ Rd8 0-1